000 00715cam a22002171 4500
001 ne 68002610
003 DLC
005 20260227111844.0
008 880412m19439999ii 000 0 ara
010 _ane 68002610
035 _a(OCoLC)17782924
040 _aDLC
_cWaU
_dWaU
_dDLC
042 _apremarc
050 0 0 _aBP135.A2
_bI8
100 1 _aIsfarāʼīnī, Abū ʻAwānah Yaʻqūb ibn Isḥāq,
_d-928 or 929.
245 1 3 _aal-Musnad,
_cli-Abī ʻAwānah Yaʻqūb ibn Isḥāq al-Isfarāʼinī.
260 _aḤaydarābād al-Dakkan,
_bMaṭbaʻat Jamʻīyat Dāʼirat al-Maʻārif al-ʻUthmānīyah
_c1362- [1943-
300 _av.
_c26 cm.
504 _aBibliographical footnotes.
650 0 _aHadith.
999 _c50565
_d50565